[Event "Bremen-ch Seniors"]
[Site "Bremen"]
[Date "2015.01.06"]
[Round "2"]
[White "Waldeck, Erhard"]
[Black "Meyer, Irmin"]
[Result "1/2-1/2"]
[WhiteElo "1718"]
[BlackElo "1894"]
[PlyCount "55"]
[EventDate "2015.01.05"]
[EventType "swiss"]
[EventRounds "7"]
[EventCountry "GER"]
[SourceTitle "EXT 2018"]
[Source "ChessBase"]
[SourceDate "2017.10.13"]
[SourceVersion "1"]
[SourceVersionDate "2017.10.13"]
[SourceQuality "1"]

1. e4 c6 2. d4 d5 3. Nc3 dxe4 4. Nxe4 Bf5 5. Ng3 Bg6 6. Nf3 Nd7 7. c3 e6 8. Qb3 Qc7 9. Nh4 Ngf6 10. Nxg6 hxg6 11. Be2 Bd6 12. c4 b6 13. Bd2 0-0 14. 0-0 Rfe8 15. Bf3 Rac8 16. Rac1 c5 17. dxc5 Bxc5 18. Ne4 Nxe4 19. Bxe4 Nf6 20. Bb1 Red8 21. Bg5 Ne8 22. Bh4 Bd4 23. Bg3 Qc5 24. Qc2 b5 25. Bh4 Nf6 26. b3 Rd7 27. Qe2 Qb6 28. cxb5 1/2-1/2